ARRUPE JESUIT UNIVERSITY

CORONAVIRUS -STOP THE SPREAD - CLEAN,DISINFECT,COVER
Normal view MARC view

Entry Personal Name

Number of records used in: 5

001 - CONTROL NUMBER

  • control field: 21935

003 - CONTROL NUMBER IDENTIFIER

  • control field: ARRUPE

005 - DATE AND TIME OF LATEST TRANSACTION

  • control field: 20160128153138.0

008 - FIXED-LENGTH DATA ELEMENTS

  • fixed length control field: 160128|| aca||aabn | a|a d

040 ## - CATALOGING SOURCE

  • Original cataloging agency: ARRUPE
  • Transcribing agency: ARRUPE

100 ## - HEADING--PERSONAL NAME

  • Personal name: Hitler, Adolf,
  • Dates associated with a name: 1889-1945.

670 ## - SOURCE DATA FOUND

  • Source citation: Work cat.: (ARRUPE)0: Schuman, Frederick L. (Frederick Lewis), 1904-1981. 21934, Hitler and the Nazi dictatorship;, 1936.

 

Arrupe Library. PO Box MP320 Mt Pleasant, Harare, Zimbabwe
263 242 745411|librarian@aju.ac.zw